Europeizácia a moslimská menšina v Európe

Saved in:
Bibliographic Details
Main Author: Liďák, Ján
Format: Book Chapter
Language:Slovak
Tags: Add Tag
No Tags, Be the first to tag this record!

MARC

LEADER 00000naa$a2200000$$$4500
001 0060603
005 20240502083144.4
041 0 |a slo 
044 |a CZ 
245 1 0 |a Europeizácia a moslimská menšina v Európe  |c Ján Liďák 
100 1 |a Liďák, Ján